Gender, sex and the city : (Record no. 79832)
[ view plain ]
| 000 -LEADER | |
|---|---|
| fixed length control field | 00554nam a22001817a 4500 |
| 005 - DATE AND TIME OF LATEST TRANSACTION | |
| control field | 20131004171856.0 |
| 010 ## - LCCN (DPL NO) | |
| LC control number | ENG-108586 |
| 020 9# - INTERNATIONAL STANDARD BOOK NUMBER | |
| International Standard Book Number | 9788125045533 |
| Terms of availability | 596.00 |
| 035 ## - SYSTEM CONTROL NUMBER | |
| System control number | EN-92119 |
| 037 ## - SOURCE OF ACQUISITION | |
| Source of stock number/acquisition | DBAD/PUB |
| 100 ## - MAIN ENTRY--PERSONAL NAME | |
| Personal name | Vanita, Ruth |
| 245 ## - TITLE STATEMENT | |
| Title | Gender, sex and the city : |
| Statement of responsibility, etc | by Ruth Vanita |
| Remainder of title | Urdu rekhti poetry, 1780-1870 / |
| 260 ## - PUBLICATION, DISTRIBUTION, ETC. (IMPRINT) | |
| Name of publisher, distributor, etc | Orient BlackSwan |
| Date of publication, distribution, etc | 2012 |
| Place of publication, distribution, etc | New Delhi |
| 270 ## - ADDRESS | |
| Address | 1/24 Asaf Ali Road |
| City | New Delhi |
| Postal code | 110002 |
| 300 ## - PHYSICAL DESCRIPTION | |
| Extent | xvii,322p. |
| Dimensions | 24cm(Hb) |
| 500 ## - GENERAL NOTE | |
| General note | Includes bibliographical refernces and index |
| 942 ## - ADDED ENTRY ELEMENTS (KOHA) | |
| Source of classification or shelving scheme | Dewey Decimal Classification |
| Item type | English Books |
| Call number suffix | VAN |
| Withdrawn status | Lost status | Not for loan | Collection code | Home library | Current library | Date acquired | Source of acquisition | Cost, normal purchase price | Full call number | Barcode | Copy number | Cost, replacement price | Koha item type |
|---|---|---|---|---|---|---|---|---|---|---|---|---|---|
| Not For Loan | Non-fiction | D.B.Act.Division | D.B.Act.Division | 04/10/2013 | DBAD/PUB | 596.00 | VAN | EN-92119 | 1 | 596.00 | English Books |
